| 000 | 00402nam a2200145Ia 4500 | ||
|---|---|---|---|
| 008 | 211109s9999||||xx |||||||||||||| ||und|| | ||
| 082 |
_a330 _bCLA-E |
||
| 100 | _aClairmonte, Ferderick | ||
| 245 | 0 | _aEconomic Liberaliesm And Underdevelopement | |
| 260 |
_bASIA TRADING CORPORATION _aBOMBAY _c1960 |
||
| 300 | _a344p. | ||
| 630 | _xGeneral Stack | ||
| 650 |
_aSocial Science _xEconomics |
||
| 942 | _cBOOK | ||
| 999 |
_c21742 _d21742 |
||